Statistiche per CLASSIFICA ATP TENNIS

Clicka qui per fare il quiz!

Statistiche generali

  • Questo quiz è stato fatto 89 volte
    (11 dall'ultimo reset)
  • Il punteggio medio è 22 su 30

Statistiche sulle risposte

POSIZIONETENNISTANAZIONE% Corretto
3ALCARAZSPAGNA
100%
1DJOKOVICSERBIA
100%
6RUUDNORVEGIA
100%
2SINNERITALIA
100%
7TSITSIPASGRECIA
100%
5ZVEREVGERMANIA
100%
11DE MINAURAUSTRALIA
91%
10DIMITROVBULGARIA
91%
4MEDVEDEVRUSSIA
91%
16PAULUSA
91%
12RUNEDANIMARCA
91%
13FRITZUSA
82%
8RUBLEVRUSSIA
82%
9HURKACZPOLONIA
73%
27MUSETTIITALIA
73%
14SHELTONUSA
73%
23TIAFOEUSA
73%
17BUBLIKKAZAKISTAN
64%
21CERUNDOLOARGENTINA
64%
24GRIEKSPOOROLANDA
64%
22JARRYCILE
64%
19KHACHANOVRUSSIA
55%
29LEHECKAREP. CECA
55%
20MANNARINOFRANCIA
55%
28NORRIEREGNO UNITO
55%
18BAEZARGENTINA
45%
15HUMBERTFRANCIA
45%
30DAVIDOVICH FOKINASPAGNA
36%
26ETCHEVERRYARGENTINA
36%
25KORDAUSA
9%

Distribuzione punteggi

Percentile per numero di risposta

Percentuale di utenti per punteggio

I tuoi punteggi nel tempo

Non hai fatto questo quiz dall'ultimo reset